000 00376pab a2200133 454500
008 180718b2003 xxu||||| |||| 00| 0 eng d
100 _aRiccucci, Norma M.
245 _aEvolutions in public management: introduction
260 _c2003
300 _ap.1303-305.
650 _aPublic administration
773 _aInternational Journal of Public Administration
909 _a58209
999 _c58209
_d58209